000 01194cam a2200217 4500
001 WB3843-02
008 021120n2002 000 0 eng u
035 _a(Sirsi) u120532
245 _aContract percentages study
260 _c2002
490 _aBCIS Press Release
_v20 November 2002, (2)
520 _aBuilding Cost Information Service's (BCIS) latest "Contract percentages study" shows that tender preliminaries reached their highest level for nearly 25 years in the second quarter of 2002, averaging 14.7% as a percentage of total contract sums (excluding contingencies. The BCIS study charts preliminaries and profit and overhead percentages on prime cost sums and dayworks from recent contract. It is published in the BCIS "Surveys of tender prices" and is available from BCIS either as part of their bulletin subscription service or individual copies at £90.00 t+44 (0)20 7695 1500 BCIS website http://www.bcis.co.uk/
590 _aWB
650 _aBCIS CONTRACT PERCENTAGES STUDY
650 _aBCIS ALL-IN TENDER PRICE INDEX
650 _aPRELIMINARIES
650 _aTENDERS
650 _aCONTRACT PERCENTAGES
690 _aBUILT ENVIRONMENT-BUILDING COSTS
942 _n0
999 _c71609
_d71609